000 00896cam a22002777a 4500
003 CHAP
005 20220329133224.0
008 971013s1991 r 10010 d
010 _a3581
011 _a4553
035 _a3757
040 _cCHAP
082 _a635.9063
_bE9
111 0 0 _aExposición Internacional Florícola (
_n1
_d: 1991
_c: Toluca, Méx.)
_939123
245 0 _aResúmen de trabajos
260 _a[Toluca, Méx.] :
_bCoordinación para el Desarrollo Agricola Ganadero,
_c1991
300 _a[c.a. 90 p.]
590 _aBATCH-UPD
_b10
_c20130110
_lUCH01
_h2304
590 _aBATCH-UPD
_b10
_c20130410
_lUCH01
_h1556
590 _aBATCH-UPD
_b10
_c20130914
_lUCH01
_h1421
590 _aCONVERSION
_b10
_c20130109
_lUCH01
_h1303
650 1 4 _aFloricultura
_xCongresos.
_941833
901 _aBK
942 _cLIBRO
949 _a635.9063 E9
_bBC
_cCONG
_d33724000254173
_eCONG
_h79798
_i3757
_mD
_si
999 _c3581
_d3581